Commercial fruit and vegetable products

Uloženo v:
Podrobná bibliografie
Hlavní autor: Cruess, William Vere (Autor)
Médium: Kniha
Jazyk:angličtina
Vydáno: Nueva York McGraw-Hill 1948
Vydání:3a. ed
Edice:McGraw-Hill Publications in the Agricultural Sciences
Témata:
Tagy: Přidat tag
Žádné tagy, Buďte první, kdo vytvoří štítek k tomuto záznamu!

MARC

LEADER 00000nam a2200000 a 4500
001 UCU7017
003 CL-VaPUC
008 960628e19480000US |||||||||||||||||eng|d
082 0 4 |a 664.8  |b CRU  |2 21 
100 0 |a Cruess, William Vere  |e author  |9 365478 
245 1 0 |a Commercial fruit and vegetable products 
250 |a 3a. ed 
300 |a 906 p 
942 |c BK 
945 |d 19960628 00:00:00  |a cmena 
260 |a Nueva York  |b McGraw-Hill  |c 1948 
650 0 |a Frutas  |9 259500 
650 0 |a Fruticultura  |9 259678 
650 7 |a COSECHAS DE FRUTAS  |2 CL-VaPUC  |9 365479 
650 0 |a Agricultura  |9 255598 
650 0 |a Biotecnología   |9 259561 
650 0 |a Deshidratación  |9 365480 
650 0 |a Alimentos deshidratados  |9 362668 
650 0 |a Tecnología química   |9 263002 
583 |a last modification  |c 19960628 00:00:00  |k Rodrigo Vera 
490 0 |a McGraw-Hill Publications in the Agricultural Sciences 
999 |c 249734  |d 249732 
952 |0 0  |1 0  |4 0  |6 664_800000000000000_CRU_1948  |7 0  |8 A  |9 267221  |a BIBING  |b BIBING  |d 2019-11-19  |i 1696785  |o 664.8 CRU 1948  |p 1696785  |r 2025-01-20  |w 2019-11-19  |y BK  |k EIB